000 01212nam2a22002531 4500
001 rc\3203911
005 20250609191230.0
021 _aRU
_b[77-64463]
035 _a(NLR Aleph) 007463106
090 _a7338021
_c7338021
100 _a20130115d1977 |||y0rusy50 ca
101 1 _arus
_cgeo
102 _aRU
105 _ay z |||a|
200 1 _aЦветение лозы
_eРоман
_fКонстантинэ Гамсахурдиа
_g[Авториз. пер. с Трегуба]
210 _d1977
_aБ. м.
215 _a351 с.
_d20
300 _aИзд. выходит с 1972 г.
461 0 _1001rc\1038365
_12001#$aСобрание сочинений$eВ 8 т.$eПер. с груз.$fКонстантинэ Гамсахурдиа$g[Редкол.: И. Абашидзе и др.]$vТ. 5
_1700#1$aГамсахурдиа$bК.С.$gКонстантин Семенович$f1891-1975
_96735133
_aГамсахурдиа, К.С. (1891-1975)
_cТбилиси
_d1981
_fКонстантинэ Гамсахурдиа
_nМерани
_oВ 8 т. : Пер. с груз.
_tСобрание сочинений
_vТ. 5
801 0 _aRU
_bNLR
_gpsbo
801 1 _aRU
_bELAR
_2rusmarc
852 _aNLR
_j72-3/8462
942 _cBOOK
980 _aNB